| 000 | 00803nam a2200241 u 4500 | ||
|---|---|---|---|
| 005 | 20210223132906.0 | ||
| 008 | 160426s2010 r 000 0 eng d | ||
| 020 | _a9786074151701 | ||
| 035 | _aUPN01000209804 | ||
| 049 | _aCG | ||
| 050 | 4 |
_aQP385.5 _bB7.2 2010 |
|
| 100 | 1 |
_aBragdon, Allen D. _938874 |
|
| 245 | 1 | 0 |
_aCómo desarrollar el poder del lado izquierdo del cerebro / _cAllen D. Bragdon ; tr de Luigi Freda Eslava. |
| 250 | _a2a ed. | ||
| 260 |
_aMéxico : _bEditorial Tomo, _c2010. |
||
| 300 |
_a319 p. : _bil. |
||
| 440 | 0 | _aEjercita y activa tu cerebro | |
| 534 |
_pTraducción de: _tBuilding left-brain power |
||
| 650 | 4 |
_aDOMINANCIA CEREBRAL _917568 |
|
| 650 | 4 |
_aCEREBRO - _xLOCALIZACION DE FUNCIONES _97880 |
|
| 650 | 4 |
_aJUEGOS - _xASPECTOS PSICOLOGICOS _915393 |
|
| 905 | _aLibro | ||
| 999 |
_c181905 _d181905 |
||